History Quiz

Random History or Clickable Quiz

Democratic National Conventions Quiz Stats

 Plays Quiz Updated Mar 3, 2020

Support Sporcle.
Go Orange.
Score 0/17 Timer 04:00
0 Plays Today
% Correct
Chicago
85.4%
Boston
83%
New York
81.5%
Philadelphia
78.3%
Los Angeles
77.4%
San Francisco
73.7%
Atlanta
73.5%
Denver
73.3%
Baltimore
65.6%
% Correct
Charlotte
65.2%
Miami
58.4%
St. Louis
58.3%
Houston
52.6%
Cincinnati
47.5%
Kansas City
45.1%
Atlantic City
43.2%
Charleston
27%

From the Vault

'I Am' Sporcle

by LTH

Great, now we're going to have a bunch of Sporcle impostors running around.
Remove Ads.
Support Sporcle.
Get the best of Sporcle when you Go Orange. This ad-free experience offers more features, more stats, and more fun while also helping to support Sporcle. Thank you for becoming a member.

Show Comments

Extras

Top Quizzes Today


Score Distribution

Your Account Isn't Verified!

In order to create a playlist on Sporcle, you need to verify the email address you used during registration. Go to your Sporcle Settings to finish the process.

Report this User

Report this user for behavior that violates our Community Guidelines.

Details: